000 00720nam a2200205 i 4500
001 26767
003 ES-MaACL
005 20250809044622.0
007 t|
008 030110s1968 sp ||||1| spa d
100 1 _aArregui Gil, José.
_923255
245 1 3 _aLa fidelidad vidual en el Derecho Privado de Navarra /
_cJosé Arregui Gil ; Prólogo de Francisco de Asis Sancho Rebullida.
260 _aPamplona :
_bInstitución Príncipe de Viana,
_c1968.
300 _a280 p. ;
_c22 cm.
490 1 _aBiblioteca de Derecho Foral ;
_v13
700 1 _aAsis Sancho Rebullida, Francisco de.
_923624
830 0 0 _aBiblioteca de derecho foral
_v13
_9181069
852 _aES-MaACL
_jF-6249
_bR.66369
999 _c26767
_d26767